鉄道車両の愛称(中小私鉄) - Statistics

General Stats
  • This quiz has been taken 22 times
  • The average score is 4 of 10
Answer Stats
Picture Answer % Correct
きらら
71%
タンゴエクスプローラー
71%
ぐりーんらいなー
71%
スノーモンキー
69%
ゆけむり
67%
ポートラム
67%
OSカー
67%
C-Flyer
64%
丹後の海
62%
ポラリス
44%
ひえい
40%
堺トラム
38%
GREEN MOVER
29%
ハートラムII
25%
アイトラム
20%
ノスタルジック731
20%
URBAN FLYER
20%
シニアモーターカー
17%
サントラム
14%
親子電車
0%
ダブルデッカーエキスプレス
0%
ノスタルジック731改
0%
ユートラムII
0%
ユートラムIII
0%
RETRAM
0%
Snow Rabbit Express
0%
No matching quizzes found
Score Distribution
Percent of People with Each Score
Percentile by Number Answered
Your Score History
You have not taken this quiz